000 00528nam a22001937a 4500
005 20240221112352.0
008 240221b ||||| |||| 00| 0 eng d
020 _a9788119679720
040 _aIN-DiNC
_cIN-DiNC
041 _dasm
082 _a891.4514
_bNAT
100 _aNath, Deepan
_eauthor
245 _aAsamiya sahityar buranji (nirbachita angsha)/
_cby Deepan Nath
250 _a1st ed.
260 _aJorhat:
_bBidya bhawan,
_c2024.
300 _a254p.
650 _aHistory of Assamese literature
942 _2ddc
_cBK
999 _c11745
_d11745